Responses for show #6827 - Tuesday, April 29, 2014

Julia Collins game 7.

Contestants

Nick Lemek, a firefighter from Omaha, Nebraska

Mary Twellman, a retired teacher from Bowling Green, Missouri

Julia Collins, a supply chain professional from Kenilworth, Illinois (whose 6-day cash winnings total $124,810)

Jeopardy! Round responses

THE NEW YORK TIMES YOU NEVER FORGET YOUR FIRST
(Alex: ...uh, whatever.)
ARMY BRATS
IT'S THE END "FER" YOU!
THE TV CHESSBOARD
DAM LIES
STATISTICS
    $200 1
Annie

Julia
    $200 12
Norman Schwarzkopf

Nick
    $200 19
a conifer

Mary
    $200 9
Pawn Stars

Julia
    $200 4
Siberia

Mary
    $200 18
murders

Mary
    $400 2
lobsters

Julia
    $400 13
(Nick: Who is RG3?)
(Alex: Yeah, but we want a little bit more than that.)

R(obert) Griffin III

Nick
    $400 20
transfer

Julia
    $400 10
Larry King

Julia
    $1,000 5
(Mary: What is Iraq?)

Syria

Mary
    $600 3
the iMac

Nick
    $600 14
Newt Gingrich

Julia
    $600 21
coffer

Julia
    $600 11
Knight Rider

Nick
    $600 6
(Mary: What is the St. Lawrence?)

the Columbia

JuliaMary
    $600 28
[Nick grins; the audience laughs.]
[The end-of-round signal sounds.]

in the couch cushions

Nick
    $800 7
Roswell

Mary
    $800 15
Julianne Moore

Julia
    $800 22
pilfer

Mary
    $800 16
Gilmore Girls

Julia
    $800 25
(Mary: Who is Anwar Sadat?)

Lake Nasser

Mary
Triple Stumper
    $800 27
married

Nick
    $1000 8
Mario Batali

Julia
    $1000 24
(Alex: You got it, with less than a minute to go.)

"Lighthorse" Harry Lee

Julia
    $1000 23
aquifer

Nick
    $1000 17
Queen

Triple Stumper
    $1000 26
(Mary: What are oil rig workers?)

fishermen

JuliaMary

Scores at the first commercial break (after clue 12):

Julia Mary Nick
$2,800 -$600 $1,400

Scores at the end of the Jeopardy! Round:

Julia Mary Nick
$8,000 -$1,200 $4,200

Double Jeopardy! Round responses

RECENT HISTORICAL FICTION
AMERICANA
ABBREVIATED ABC
I DIRECTED MY WIFE IN THAT FILM
GEOGRAPHIC ANAGRAMS
SCIENCE & SCIENTISTS
    $400 5
Charles Lindbergh

Mary
    $400 7
pink flamingos

Mary
    $400 25
the Australian Broadcasting Company

Nick
    $400 13
Paul Newman

Mary
    $400 30
Tokyo (from Kyoto)

Mary
    $400 15
(Julia: Who is Oppenheimer?)
(Mary: Who is Niels Bohr?)

Wernher von Braun

JuliaMary
Triple Stumper
    $800 6
Degas

Julia
    $2,000 1
the Merriam Brothers

Mary
    $800 29
breathing

Julia
    $800 17
Charlie Chaplin

Mary
    $800 11
Iran (from rain)

Mary
    $800 16
arachnids

Julia
    $1200 8
Masada

Mary
    $1200 2
the Seminole Wars

Mary
    $1200 28
bowling

Triple Stumper
    $1200 18
Judd Apatow

Julia
    $1200 12
Mali (from mail)

Julia
    $3,500 22
Marconi

Julia
    $1600 9
Harvard

Triple Stumper
    $1600 3
Pecos Bill

Julia
    $1600 27
accounting

Julia
    $1600 19
Sam Mendes

Julia
    $1600 14
Bogotá (from Tobago)

Nick
    $1600 23
(Julia: Oh. ...What is--)

ammonia

Julia
Triple Stumper
    $2000 10
The White Queen

Triple Stumper
    $2000 4
Parson Weems

Julia
    $2000 26
Curaçao

Julia
    $2000 20
John Cassavetes

Mary
    $2000 21
Canton (from cannot)

Julia
    $2000 24
(Joseph) Lister

Mary

Scores at the end of the Double Jeopardy! Round:

Julia Mary Nick
$25,100 $10,000 $6,200
(lock game)

[wagering suggestions for these scores]

Final Jeopardy! Round responses

U.S. HISTORY
(Alex: [To Julia] What is October 8?)
(Julia: [Shrugs] I picked a date.)
(Alex: Well, you should have picked [*], and the day of the famous [*] Massacre in Chicago.)
[Mary was awarded $2,000; Nick $1,000.]
NickWhat is July 4th
$6,199
MaryWhat is Black Friday?
$9,999
JuliaWhat is October 8?
$5,000
February 14 (or Valentine's Day)

Final scores:

Julia Mary Nick
$20,100 $1 $1
7-day champion: $144,910 2nd place: $2,000 3rd place: $1,000

Game dynamics:

Coryat scores:

Julia Mary Nick
$22,800 $9,800 $6,200
25 R
(including 1 DD),
2 W
16 R
(including 1 DD),
5 W
(including 1 DD)
9 R,
0 W

Combined Coryat: $38,800

The J! Archive is created by fans, for fans. The Jeopardy! game show and all elements thereof, including but not limited to copyright and trademark thereto, are the property of Jeopardy Productions, Inc. and are protected under law. This website is not affiliated with, sponsored by, or operated by Jeopardy Productions, Inc. Join the discussion at JBoard.tv.